[Event "World Blitz 2018"]
[Site "St Petersburg RUS"]
[Date "2018.12.29"]
[Round "1.8"]
[White "Demidov, Mikhail"]
[Black "Yu, Yangyi"]
[Result "0-1"]
[WhiteTitle "IM"]
[BlackTitle "GM"]
[WhiteElo "2520"]
[BlackElo "2764"]
[WhiteFideId "4197143"]
[BlackFideId "8603820"]
[EventDate "2018.12.29"]
[EventType "blitz"]

1. e4 e5 2. Nf3 Nf6 3. Nxe5 d6 4. Nf3 Nxe4 5. d3 Nf6 6. d4 Be7 7. Bd3 O-O 8. h3
c5 9. O-O Nc6 10. dxc5 dxc5 11. Nc3 Nb4 12. Re1 Nxd3 13. Qxd3 Qxd3 14. cxd3 Re8
15. d4 Bd7 16. dxc5 Bxc5 17. Bg5 Rxe1+ 18. Rxe1 Re8 19. Bxf6 Rxe1+ 20. Nxe1 gxf6
21. Nd3 Bd4 22. Ne2 Bb6 23. Nc3 Bc6 24. Nb4 Bd7 25. Nd3 Be6 26. Nf4 Bd4 27. Nfe2
Be5 28. f4 Bc7 29. Kf2 a6 30. Ke3 b5 31. a3 Bb6+ 32. Nd4 f5 33. Ne2 Kg7 34. Kd3
Bc4+ 35. Kc3 Kg6 36. Ng3 Be6 37. Kd3 Bc7 38. Ke3 Bb6 39. Kd3 Bd7 40. Nf3 Bc8 41.
Nd4 Bc7 42. Ke3 Bb6 43. Kd3 Bd8 44. Nf3 Bc7 45. Ke3 Bb6+ 46. Kd3 Bf2 47. Nh1 Bb6
48. Ng3 Bf2 49. Nh1 Ba7 50. Ng3 Bb8 51. Ke3 Bc7 52. Nd4 Bb6 53. Kd3 Bc7 54. Ke3
Bd8 55. Nc6 Bb6+ 56. Nd4 Kf6 57. Nh5+ Ke7 58. Ng3 Kf6 59. Nh5+ Kg6 60. Ng3 Be6
61. Kd3 Bc4+ 62. Kc3 Be6 63. Kd3 Bd8 64. Ke3 Bd5 65. Ngxf5 Bxg2 66. Nd6 Bxh3 67.
Nc6 Bb6+ 68. Kf3 Kg7 69. Ne5 Be6 70. f5 Bd5+ 71. Kg4 Bd4 72. Nd3 Bc4 73. Nb4
Bxb2 74. Nxa6 Bxa3 75. Ne8+ Kf8 76. Nf6 b4 77. Nc5 b3 78. Nxb3 Bxb3 79. Nxh7+
Kg7 80. Ng5 Bc1 81. Ne4 Bd1+ 82. Kg3 Bc2 83. Nd6 Ba3 84. Nc4 Bc5 85. Kf4 Kf6 86.
Nd2 Bxf5 87. Nb3 Bd6+ 88. Kf3 Be5 89. Nc5 Bd6 90. Nb3 Be6 91. Nd4 Bd5+ 92. Ke2
Be5 93. Nc2 Kg5 94. Ne3 Be6 95. Nf1 Bc4+ 0-1

[Event "World Blitz 2018"]
[Site "St Petersburg RUS"]
[Date "2018.12.29"]
[Round "1.17"]
[White "Sjugirov, Sanan"]
[Black "Kevlishvili, Robby"]
[Result "0-1"]
[WhiteTitle "GM"]
[BlackTitle "IM"]
[WhiteElo "2663"]
[BlackElo "2451"]
[WhiteFideId "4189302"]
[BlackFideId "1040634"]
[EventDate "2018.12.29"]
[EventType "blitz"]

1. e4 e5 2. Nf3 Nc6 3. Bb5 a6 4. Ba4 Nf6 5. O-O Be7 6. Re1 b5 7. Bb3 d6 8. c3
O-O 9. h3 Nb8 10. d4 Nbd7 11. Nbd2 Bb7 12. Bc2 Re8 13. Nf1 Bf8 14. Ng3 g6 15.
Bg5 h6 16. Bd2 exd4 17. cxd4 c5 18. d5 Bg7 19. Qc1 Kh7 20. Bf4 Qe7 21. Rb1 Rac8
22. h4 Ng4 23. h5 Nde5 24. Qd1 Qf6 25. Nxe5 Nxf2 26. Qf3 dxe5 27. Be3 Nh3+ 28.
Kf1 Qxf3+ 29. gxf3 Nf4 30. Kf2 c4 31. Rbd1 Bf6 32. Rh1 Kg7 33. Rdg1 Bg5 34. Ne2
Nxe2 35. Kxe2 Bxe3 36. Kxe3 g5 37. a4 b4 38. Rc1 f5 39. exf5 Bxd5 40. Rhd1 Red8
41. Be4 Bf7 42. Bb7 Rxd1 43. Rxd1 Rc7 44. Bxa6 c3 45. bxc3 Rxc3+ 46. Ke4 Bxh5
47. Rd7+ Kf6 48. Rd6+ Ke7 49. Rxh6 Bxf3+ 50. Kxe5 Rc5+ 51. Kd4 Rxf5 52. Bc4 g4
53. Re6+ Kf8 54. Rg6 Rf4+ 55. Kc5 Bd1 56. Bd5 Ke7 57. Rg7+ Kf6 58. Rf7+ Ke5 59.
Re7+ Kf6 60. Rf7+ Kg5 61. Rg7+ Kh4 62. a5 b3 63. a6 Ra4 64. a7 b2 65. Be4 Bf3
66. Rh7+ Kg5 67. Bb1 g3 68. Rg7+ Kf4 69. Rf7+ Ke3 70. Bc2 Ra1 71. Re7+ Kf2 72.
Rf7 g2 73. Be4 g1=Q 74. Bxf3 Kg3+ 75. Kc4 Rxa7 0-1

[Event "World Blitz 2018"]
[Site "St Petersburg RUS"]
[Date "2018.12.29"]
[Round "1.62"]
[White "Borisenko, Viacheslav"]
[Black "Christiansen, Johan-Sebastian"]
[Result "0-1"]
[WhiteTitle "IM"]
[BlackTitle "GM"]
[WhiteElo "2289"]
[BlackElo "2555"]
[WhiteFideId "14115824"]
[BlackFideId "1512668"]
[EventDate "2018.12.29"]
[EventType "blitz"]

1. e4 e5 2. Nf3 Nc6 3. c3 d5 4. Bb5 f6 5. Qa4 Ne7 6. d3 a6 7. Bxc6+ Nxc6 8. h3
Be7 9. O-O O-O 10. Re1 Kh8 11. Nbd2 b5 12. Qc2 Bb7 13. Nf1 d4 14. cxd4 exd4 15.
Ng3 Nb4 16. Qe2 c5 17. Nh4 g6 18. Qd2 Rf7 19. Qe2 c4 20. dxc4 d3 21. Qd1 Nc2 22.
Bd2 Nxa1 23. Qxa1 bxc4 24. b3 Rc8 25. bxc4 Rxc4 26. Nf3 Kg8 27. Qb2 Qc8 28. h4
Rc2 29. Qb3 h5 30. Qxd3 Rxa2 31. Qe3 Bc5 0-1

[Event "World Blitz 2018"]
[Site "St Petersburg RUS"]
[Date "2018.12.29"]
[Round "1.67"]
[White "Grigoriants, Sergey"]
[Black "Baron, Tal"]
[Result "1-0"]
[WhiteTitle "GM"]
[BlackTitle "GM"]
[WhiteElo "2540"]
[BlackElo "2532"]
[WhiteFideId "4130804"]
[BlackFideId "2809958"]
[EventDate "2018.12.29"]
[EventType "blitz"]

1. e4 e6 2. d4 d5 3. Nd2 Be7 4. e5 c5 5. c3 cxd4 6. cxd4 Qb6 7. Ndf3 Nc6 8. Nh3
Bb4+ 9. Bd2 Nge7 10. Bxb4 Qxb4+ 11. Qd2 Bd7 12. Rd1 Rc8 13. Bd3 a5 14. a3 Qxd2+
15. Kxd2 a4 16. Rc1 Na5 17. Rxc8+ Nxc8 18. Ke3 Nb6 19. Nd2 Ke7 20. Rc1 f6 21.
Rc5 Ra8 22. f4 Bc6 23. Nf2 Nbc4+ 24. Bxc4 dxc4 25. exf6+ gxf6 26. Nxc4 Nxc4+ 27.
Rxc4 Ra5 28. g4 h5 29. Rc5 Rxc5 30. dxc5 hxg4 31. Nxg4 Kf7 32. Kd4 Kg6 33. Ne3
Kh5 34. Nc4 Kg4 35. Ke3 Kh3 36. Nd6 Kxh2 37. Nc4 Kg3 38. Na5 Bd5 39. c6 bxc6 40.
Nb7 Kg4 41. Nc5 Bb3 42. Nxb3 axb3 43. a4 e5 44. a5 exf4+ 45. Kf2 c5 46. a6 c4
47. a7 c3 48. a8=Q c2 49. Qf3+ Kg5 50. Qc3 Kf5 51. Kf3 1-0

[Event "World Blitz 2018"]
[Site "St Petersburg RUS"]
[Date "2018.12.29"]
[Round "1.68"]
[White "Gutenev, Alexander"]
[Black "Cheparinov, Ivan"]
[Result "1/2-1/2"]
[WhiteTitle "IM"]
[BlackTitle "GM"]
[WhiteElo "2456"]
[BlackElo "2709"]
[WhiteFideId "4195540"]
[BlackFideId "2905540"]
[EventDate "2018.12.29"]
[EventType "blitz"]

1. e4 c6 2. d4 d5 3. Nd2 dxe4 4. Nxe4 Nf6 5. Nxf6+ exf6 6. c3 Bd6 7. Bd3 O-O 8.
Qc2 Re8+ 9. Ne2 h5 10. Be3 Nd7 11. O-O-O Nf8 12. h3 Be6 13. Kb1 Bd5 14. Rhg1 b5
15. g4 h4 16. g5 Bh2 17. Rg4 Bf3 18. Rxh4 fxg5 19. Bh7+ Kh8 20. Be4+ gxh4 21.
Bxf3 Qf6 22. Bg2 Rad8 23. Ka1 Ng6 24. Qd2 Bc7 25. Rf1 Qe6 26. Rh1 c5 27. d5 Qd6
28. Qc2 Ne5 29. Qf5 Qg6 30. Qxg6 Nxg6 31. Rd1 Bd6 32. Kb1 a5 33. Kc2 Rd7 34. Ng1
Nf4 35. Bf1 g5 36. Bxb5 Rde7 37. Bxe8 Rxe8 38. Bxf4 Bxf4 39. d6 Kg7 40. d7 Rd8
41. Nf3 f5 42. Rd5 Kf6 43. a4 Ke6 44. Rxc5 Rxd7 45. Nd4+ Kf6 46. Rxf5+ Kg6 47.
Rxa5 g4 48. hxg4 Rh7 49. Nf3 h3 50. Rh5 Rxh5 51. gxh5+ Kxh5 52. Kd3 Kg4 53. Ke4
Bc1 54. b4 Bd2 55. b5 Bxc3 56. b6 Ba5 57. b7 Bc7 58. a5 Bb8 59. a6 Ba7 60. Nh2+
Kg5 61. f4+ Kf6 62. Ng4+ Kg6 63. f5+ Kg5 64. Nh2 Bb8 65. Nf3+ Kf6 66. Nh2 Kg5
67. Nf1 Kf6 68. Ne3 Kg5 69. Nf1 Kf6 70. Ne3 Kg5 71. Kf3 Kf6 72. Ke4 1/2-1/2

[Event "World Blitz 2018"]
[Site "St Petersburg RUS"]
[Date "2018.12.29"]
[Round "1.82"]
[White "Ovchinnikov, Vsevolod"]
[Black "Hovhannisyan, Robert"]
[Result "0-1"]
[WhiteTitle "FM"]
[BlackTitle "GM"]
[WhiteElo "2329"]
[BlackElo "2637"]
[WhiteFideId "24176842"]
[BlackFideId "13302507"]
[EventDate "2018.12.29"]
[EventType "blitz"]

1. d4 Nf6 2. c4 e6 3. Nf3 Bb4+ 4. Bd2 Qe7 5. g3 Bxd2+ 6. Qxd2 Nc6 7. Nc3 d5 8.
Bg2 dxc4 9. Ne5 Nxe5 10. dxe5 Nd7 11. f4 O-O 12. Qd4 Qc5 13. Rd1 Rb8 14. a4 a6
15. O-O b5 16. Ne4 Qxd4+ 17. Rxd4 bxa4 18. Rxc4 Rxb2 19. Rxa4 Rxe2 20. Rc1 Nb6
21. Ra5 Bb7 22. Nf6+ gxf6 23. Bxb7 fxe5 24. fxe5 Rd8 25. Bxa6 Rb2 26. Bf1 Nd5
27. Rd1 Rdb8 28. Rc5 Kg7 29. Re1 R8b4 30. Bg2 Rd2 31. Bxd5 Rxd5 32. Rxd5 exd5
33. Rc1 Rc4 34. Rd1 c6 35. Kf2 Kg6 36. Kf3 Kf5 37. Re1 Re4 38. Rc1 Rc4 39. Re1
Rc3+ 40. Kg2 Rc2+ 41. Kf3 c5 42. g4+ Ke6 43. h4 c4 44. Kf4 c3 45. Ke3 Rd2 46.
Rc1 d4+ 47. Ke4 c2 48. h5 d3 49. g5 Rd1 50. Kd4 0-1

[Event "World Blitz 2018"]
[Site "St Petersburg RUS"]
[Date "2018.12.29"]
[Round "2.6"]
[White "Artemiev, Vladislav"]
[Black "Pantsulaia, Levan"]
[Result "1-0"]
[WhiteTitle "GM"]
[BlackTitle "GM"]
[WhiteElo "2709"]
[BlackElo "2597"]
[WhiteFideId "24101605"]
[BlackFideId "13602071"]
[EventDate "2018.12.29"]
[EventType "blitz"]

1. e4 c5 2. Nf3 e6 3. d4 cxd4 4. Nxd4 a6 5. Bd3 Nf6 6. O-O e5 7. Nb3 Nc6 8. c4
d6 9. Nc3 Be7 10. Nd5 Nxd5 11. cxd5 Nb8 12. Be3 O-O 13. Rc1 Nd7 14. Qd2 Nf6 15.
Qa5 Qe8 16. Qc7 Ng4 17. Bd2 f5 18. f3 Nf6 19. Bb4 fxe4 20. Bxe4 Qd8 21. Qxd8
Rxd8 22. Na5 Rb8 23. Nc4 Bf8 24. Ba5 Rd7 25. Nb6 Rd8 26. Nxc8 Rdxc8 27. Bc7 Ra8
28. Bf5 b5 29. Bxc8 Rxc8 30. Ba5 Ra8 31. Rfd1 Be7 32. Rc6 Kf7 33. Bb4 Ne8 34.
Rb6 Bd8 35. Rb7+ Kg6 36. Rc1 a5 37. Bd2 b4 38. Rc6 Bf6 39. Kf2 h5 40. Ke2 Kf5
41. Kd3 g5 42. Rh7 Kg6 43. Rd7 Kf5 44. h3 g4 45. hxg4+ hxg4 46. fxg4+ Kxg4 47.
Rc4+ Kf5 48. g4+ Kg6 49. g5 Bh8 50. Rh4 Bg7 51. Re7 Rc8 52. Re6+ Kf5 53. Rh7 Nc7
54. Rxg7 Nxd5 55. Rxd6 e4+ 1-0

[Event "World Blitz 2018"]
[Site "St Petersburg RUS"]
[Date "2018.12.29"]
[Round "2.23"]
[White "Kevlishvili, Robby"]
[Black "Ponkratov, Pavel"]
[Result "1/2-1/2"]
[WhiteTitle "IM"]
[BlackTitle "GM"]
[WhiteElo "2451"]
[BlackElo "2630"]
[WhiteFideId "1040634"]
[BlackFideId "4157800"]
[EventDate "2018.12.29"]
[EventType "blitz"]

1. e4 c5 2. Nf3 b6 3. d4 cxd4 4. Nxd4 Bb7 5. Nc3 a6 6. Be3 e6 7. Bd3 Qc7 8. O-O
Nf6 9. f4 Bc5 10. e5 Nd5 11. Nxd5 Bxd5 12. Qg4 Nc6 13. c3 O-O 14. Kh1 f5 15. Qe2
Bxd4 16. cxd4 b5 17. Rac1 Qb7 18. b3 Rac8 19. Rc5 Ne7 20. Rfc1 Rxc5 21. dxc5 g5
22. Qf2 g4 23. Bf1 Ng6 24. Kg1 h5 25. g3 Qc6 26. Bg2 Bxg2 27. Qxg2 Qxg2+ 28.
Kxg2 Ne7 29. h4 Rc8 30. Kf2 Nd5 31. a3 Kf7 32. Ke2 Ke7 33. Kd3 Kd8 34. Bd2 Kc7
35. Ba5+ Kb7 36. Kd4 Kc6 37. Bd2 Ra8 38. Rb1 a5 39. Rc1 b4 40. a4 Rc8 1/2-1/2

[Event "World Blitz 2018"]
[Site "St Petersburg RUS"]
[Date "2018.12.29"]
[Round "2.31"]
[White "Amonatov, Farrukh"]
[Black "Nihal, Sarin"]
[Result "1-0"]
[WhiteTitle "GM"]
[BlackTitle "GM"]
[WhiteElo "2614"]
[BlackElo "2576"]
[WhiteFideId "14700077"]
[BlackFideId "25092340"]
[EventDate "2018.12.29"]
[EventType "blitz"]

1. e4 g6 2. d4 Bg7 3. Nf3 d6 4. Bc4 Nf6 5. Qe2 O-O 6. e5 dxe5 7. dxe5 Nd5 8. h3
Nb6 9. Bb3 Nc6 10. O-O Nd4 11. Nxd4 Qxd4 12. Re1 Rd8 13. Nd2 Bf5 14. Nf3 Qd7 15.
Bxf7+ Kxf7 16. e6+ Bxe6 17. Ng5+ Kg8 18. Nxe6 Re8 19. Nxg7 Kxg7 20. Qe5+ Kg8 21.
Bh6 e6 22. Rad1 Qf7 23. b3 Rad8 24. c4 Nc8 25. Bc1 Rxd1 26. Rxd1 Qg7 27. Qe2 Nd6
28. Bb2 e5 29. f4 Qe7 30. Qxe5 Qxe5 31. Bxe5 Re6 32. c5 Ne4 33. b4 b6 34. Rd4
Ng3 35. Rd8+ Kf7 36. Rd7+ Re7 37. Rxc7 Rxc7 38. Bxc7 bxc5 39. bxc5 Ke6 40. Bb8
a6 41. c6 Ne2+ 42. Kf2 Nc3 43. a3 Nb1 44. a4 Nc3 45. a5 Nd5 46. Be5 Nb4 47. c7
Kd7 48. Kf3 Nc6 49. Bc3 Kxc7 50. Kg4 Ne7 51. Kg5 Kd7 52. Kh6 Ke6 53. g4 Kf7 54.
Kxh7 Nd5 55. Bd2 Nf6+ 56. Kh6 Ne4 57. Be3 Nd6 58. Bd4 Nc4 59. Bc3 Ne3 60. Kg5
Nd5 61. Bd2 Nc7 62. f5 gxf5 63. Kxf5 Nd5 64. h4 Ne7+ 65. Ke4 Ke6 66. h5 Nd5 67.
g5 Ne7 68. Bc3 Nd5 69. Bd4 Ne7 70. h6 1-0

[Event "World Blitz 2018"]
[Site "St Petersburg RUS"]
[Date "2018.12.29"]
[Round "2.33"]
[White "Teterev, Vitaly"]
[Black "Piorun, Kacper"]
[Result "1-0"]
[WhiteTitle "GM"]
[BlackTitle "GM"]
[WhiteElo "2486"]
[BlackElo "2634"]
[WhiteFideId "13501429"]
[BlackFideId "1130420"]
[EventDate "2018.12.29"]
[EventType "blitz"]

1. Nf3 g6 2. e4 Bg7 3. d4 c6 4. Bd3 d5 5. Nbd2 Nh6 6. O-O O-O 7. Re1 dxe4 8.
Nxe4 Nf5 9. c3 Nd7 10. Bf4 Nf6 11. Be5 Nd6 12. Nxf6+ exf6 13. Bf4 Be6 14. Nd2 b5
15. a4 Nc4 16. Qc2 a6 17. Ne4 Nb6 18. Bd6 Re8 19. Ba3 Nxa4 20. Nd6 Re7 21. Ne4
Rea7 22. b3 Nb6 23. Nc5 Bc8 24. Qe2 Bd7 25. Bb4 Nd5 26. Ba5 Qf8 27. c4 Nf4 28.
Qf3 Nxd3 29. Qxd3 Bf5 30. Qe3 Rc8 31. Bb6 Raa8 32. Nxa6 Bh6 33. Qc3 Re8 34. Bc5
Rxe1+ 35. Rxe1 Qd8 36. Nb4 Qd7 37. h3 bxc4 38. bxc4 Re8 39. Rxe8+ Qxe8 40. d5
cxd5 41. Nxd5 Bg7 42. Ne7+ Kh8 43. Nxf5 gxf5 44. Qe3 Qc8 45. Qd4 h6 46. Bb6 Qe6
47. Bc7 Qc6 48. Bd6 f4 49. Bxf4 Qe6 50. c5 f5 51. Qd2 Qc4 52. Be3 f4 53. Bxf4
Qxc5 54. Bxh6 Bd4 55. Be3 Bxe3 56. Qxe3 Qd6 57. h4 Kg8 58. g3 Qd1+ 1-0

[Event "World Blitz 2018"]
[Site "St Petersburg RUS"]
[Date "2018.12.29"]
[Round "2.42"]
[White "Paravyan, David"]
[Black "Shubin, Kirill"]
[Result "1/2-1/2"]
[WhiteTitle "GM"]
[BlackTitle "FM"]
[WhiteElo "2634"]
[BlackElo "2334"]
[WhiteFideId "4194985"]
[BlackFideId "34119962"]
[EventDate "2018.12.29"]
[EventType "blitz"]

1. d4 e6 2. e4 d5 3. exd5 exd5 4. Bb5+ c6 5. Bd3 Bd6 6. Nf3 Ne7 7. O-O h6 8. b3
O-O 9. c4 Bf5 10. Nc3 Bxd3 11. Qxd3 Nd7 12. Re1 Nf6 13. Bd2 dxc4 14. bxc4 Qd7
15. Re2 Rad8 16. Rae1 Ng6 17. Qb1 b6 18. Bc1 Qc7 19. g3 Rfe8 20. Rxe8+ Rxe8 21.
Rxe8+ Nxe8 22. Qf5 Ne7 23. Qc2 Nf6 24. Nd1 Qd7 25. Ne3 Qe6 26. Bb2 Qe4 27. Qxe4
Nxe4 28. Kf1 f5 29. Ke2 Kf7 30. Ne1 h5 31. Nd3 h4 32. f3 hxg3 33. fxe4 fxe4 34.
hxg3 exd3+ 35. Kxd3 Bxg3 36. Ke4 g5 37. d5 cxd5+ 38. cxd5 Nc8 39. Kf5 Bf4 40.
Nc4 Nd6+ 1/2-1/2

[Event "World Blitz 2018"]
[Site "St Petersburg RUS"]
[Date "2018.12.29"]
[Round "2.43"]
[White "Le, Quang Liem"]
[Black "Sharma, Dinesh K."]
[Result "1-0"]
[WhiteTitle "GM"]
[BlackTitle "IM"]
[WhiteElo "2714"]
[BlackElo "2295"]
[WhiteFideId "12401137"]
[BlackFideId "5004110"]
[EventDate "2018.12.29"]
[EventType "blitz"]

1. c4 e6 2. Nc3 d5 3. d4 c6 4. e4 dxe4 5. Nxe4 Bb4+ 6. Nc3 Nf6 7. Ne2 O-O 8. a3
Be7 9. g3 b6 10. Bg2 Bb7 11. O-O Qc8 12. Qc2 Nbd7 13. Bf4 Re8 14. Rad1 Bf8 15.
Be3 e5 16. Rfe1 exd4 17. Nxd4 Ne5 18. Bg5 Nfd7 19. Nf5 h6 20. Bf4 Ng6 21. Bd6
Rxe1+ 22. Rxe1 c5 23. Bxf8 Ndxf8 24. Nd6 Qc7 25. Ncb5 Qd7 26. Nxb7 a6 27. Nxc5 1-0

[Event "World Blitz 2018"]
[Site "St Petersburg RUS"]
[Date "2018.12.29"]
[Round "2.80"]
[White "Popov, Ivan RUS"]
[Black "Zaitsev, Alexander"]
[Result "1-0"]
[WhiteTitle "GM"]
[BlackTitle "GM"]
[WhiteElo "2592"]
[BlackElo "2473"]
[WhiteFideId "4170350"]
[BlackFideId "4164490"]
[EventDate "2018.12.29"]
[EventType "blitz"]

1. e4 e6 2. d4 d5 3. Nc3 Bb4 4. exd5 exd5 5. Bd3 c6 6. Ne2 Ne7 7. Ng3 O-O 8. O-O
Nd7 9. Re1 Re8 10. Bg5 f6 11. Bd2 Nf8 12. Qf3 Be6 13. Nh5 Neg6 14. Re2 Qd7 15.
h3 Bd6 16. Nf4 Bf5 17. Nxg6 Bxg6 18. Rae1 Bxd3 19. Qxd3 Rxe2 20. Qxe2 Kf7 21.
Qh5+ g6 22. Qf3 Re8 23. Rxe8 Qxe8 24. Nxd5 cxd5 25. Qxd5+ Qe6 26. Qxb7+ Nd7 27.
Qb3 Qxb3 28. axb3 Ke6 29. Kf1 f5 30. Ke2 Nf6 31. c4 Ne4 32. Be1 a6 33. f3 Nf6
34. Kd3 Nh5 35. Bd2 Bf4 36. d5+ Kd7 37. Be1 Be5 38. Bd2 Bf4 39. Bc3 Bb8 40. c5
Nf4+ 41. Kc4 Nxg2 42. c6+ Kc8 43. Kc5 Nf4 44. d6 Ne6+ 45. Kd5 Nf4+ 46. Ke5 Nd3+
47. Ke6 Nf4+ 48. Ke7 Nd5+ 49. Ke6 Nf4+ 50. Ke5 Nd3+ 51. Kd4 Bxd6 1-0

[Event "World Blitz 2018"]
[Site "St Petersburg RUS"]
[Date "2018.12.29"]
[Round "3.41"]
[White "Belozerov, Andrei"]
[Black "Adly, Ahmed"]
[Result "0-1"]
[WhiteTitle "GM"]
[BlackTitle "GM"]
[WhiteElo "2528"]
[BlackElo "2626"]
[WhiteFideId "4120213"]
[BlackFideId "10601619"]
[EventDate "2018.12.29"]
[EventType "blitz"]

1. e4 c5 2. Nf3 d6 3. Bb5+ Nd7 4. d4 cxd4 5. Qxd4 a6 6. Bxd7+ Bxd7 7. c4 Bc6 8.
Nc3 e6 9. O-O Nf6 10. Bg5 h6 11. Bxf6 Qxf6 12. Qxf6 gxf6 13. Nd4 Bd7 14. a4 Rc8
15. b3 Rg8 16. Rad1 h5 17. Rd3 Be7 18. Rfd1 Rc5 19. f4 h4 20. Kf2 Rg4 21. Kf3
Rg8 22. R3d2 Rh5 23. Ke3 Bd8 24. Kf3 Ba5 25. Nde2 Bc7 26. Nd4 Ke7 27. Nc2 f5 28.
exf5 Bc6+ 29. Ke3 Bb6+ 30. Kd3 Rxf5 31. Re2 Rxg2 32. Rxg2 Bxg2 33. Ne3 Bxe3 34.
Kxe3 e5 35. fxe5 dxe5 36. Nd5+ Ke6 37. Nc7+ Kf6 38. Nd5+ Kg5 39. Rd2 h3 40. Ne7
Rf3+ 41. Ke2 Rxb3 42. Rd8 f5 43. Nd5 Rb2+ 44. Kd3 f4 45. Rg8+ Kf5 46. Ne7+ Ke6
47. Rg7 e4+ 48. Kd4 Rd2+ 49. Kc5 Rd7 50. Nf5 Rxg7 51. Nxg7+ Ke5 0-1

[Event "World Blitz 2018"]
[Site "St Petersburg RUS"]
[Date "2018.12.29"]
[Round "3.50"]
[White "Anton Guijarro, David"]
[Black "Zubritskiy, Artyom"]
[Result "1/2-1/2"]
[WhiteTitle "GM"]
[BlackTitle "IM"]
[WhiteElo "2642"]
[BlackElo "2442"]
[WhiteFideId "2285525"]
[BlackFideId "4181247"]
[EventDate "2018.12.29"]
[EventType "blitz"]

1. Nf3 Nf6 2. b3 c5 3. Bb2 Nc6 4. e3 d5 5. Bb5 Qb6 6. a4 a6 7. a5 Qc7 8. Bxc6+
Qxc6 9. O-O Bg4 10. h3 Bh5 11. d3 e6 12. g4 Bg6 13. Ne5 Qc7 14. f4 Bd6 15. Nd2
O-O-O 16. b4 cxb4 17. Bd4 Nd7 18. Nxd7 Qxd7 19. Bxg7 Rhg8 20. Bf6 Rde8 21. Nf3
h5 22. g5 e5 23. Nxe5 Qxh3 24. Qf3 Qxf3 25. Rxf3 Re6 26. Kf2 Bxe5 27. fxe5 Rc6
28. Ra2 Kd7 29. Rb2 Rgc8 30. Rxb4 Rxc2+ 31. Kg3 Bxd3 32. Rxb7+ R8c7 33. e6+ Kxe6
34. Rb6+ R7c6 35. Bd4 Be4 36. Rf6+ Kd7 37. Rxf7+ Ke6 38. Rf6+ Kd7 39. Rxa6 Rg2+
40. Kf4 Rg4+ 41. Ke5 Rxg5+ 42. Kf4 Rg4+ 43. Ke5 Rg5+ 44. Kf4 Rg4+ 45. Ke5 Rg5+ 1/2-1/2

[Event "World Blitz 2018"]
[Site "St Petersburg RUS"]
[Date "2018.12.29"]
[Round "3.55"]
[White "Pantsulaia, Levan"]
[Black "Potkin, Vladimir"]
[Result "1-0"]
[WhiteTitle "GM"]
[BlackTitle "GM"]
[WhiteElo "2597"]
[BlackElo "2597"]
[WhiteFideId "13602071"]
[BlackFideId "4131061"]
[EventDate "2018.12.29"]
[EventType "blitz"]

1. Nf3 d5 2. g3 g6 3. Bg2 Bg7 4. O-O e5 5. d3 Ne7 6. e4 O-O 7. c3 a5 8. a4 Nbc6
9. Na3 h6 10. Nb5 Be6 11. Qc2 Qd7 12. Re1 Rad8 13. b3 f5 14. Ba3 fxe4 15. dxe4
d4 16. Rad1 Bg4 17. Rd3 Rf7 18. Nd2 Nc8 19. Nc4 Be6 20. cxd4 exd4 21. Red1 g5
22. Bc5 Bxc4 23. bxc4 Nb4 24. Bxb4 axb4 25. e5 Bxe5 26. Bd5 c5 27. Rf3 Rf8 28.
Qg6+ Bg7 29. Be6 Ne7 30. Rxf7 1-0

[Event "World Blitz 2018"]
[Site "St Petersburg RUS"]
[Date "2018.12.29"]
[Round "3.87"]
[White "Zaitsev, Alexander"]
[Black "Sychev, Klementy"]
[Result "0-1"]
[WhiteTitle "GM"]
[BlackTitle "IM"]
[WhiteElo "2473"]
[BlackElo "2537"]
[WhiteFideId "4164490"]
[BlackFideId "4114060"]
[EventDate "2018.12.29"]
[EventType "blitz"]

1. e4 e5 2. Nc3 Nf6 3. Bc4 Nc6 4. d3 Bb4 5. Ne2 d5 6. exd5 Nxd5 7. O-O Be6 8.
Bxd5 Bxd5 9. f4 f6 10. fxe5 Nxe5 11. d4 Nc6 12. Nxd5 Qxd5 13. c3 Bd6 14. Nf4
Bxf4 15. Bxf4 O-O-O 16. Qf3 Qxf3 17. Rxf3 Rhe8 18. Kf2 Rd7 19. Re3 Rxe3 20. Bxe3
a5 21. a4 Re7 22. g4 Kd7 23. Rg1 Rf7 24. h4 Ne7 25. c4 Nc6 26. Bd2 Nxd4 27. Bxa5
Nc6 28. Bc3 f5 29. g5 g6 30. b4 Re7 31. Rd1+ Kc8 32. Bf6 Re8 33. b5 Ne5 34. c5
Ng4+ 35. Kf3 Ne5+ 36. Kf2 c6 37. h5 Nd7 38. Bd4 Re4 39. hxg6 hxg6 40. Kf3 Rg4
41. bxc6 bxc6 42. Bf6 Nxc5 43. Rc1 Ne6 44. Rxc6+ Kd7 45. Ra6 Nxg5+ 46. Ke2 Ne4
47. Be5 Nc5 48. Rd6+ Ke7 49. a5 Re4+ 50. Kf3 Rxe5 51. Rxg6 Ne6 52. Rg8 Rxa5 0-1

[Event "World Blitz 2018"]
[Site "St Petersburg RUS"]
[Date "2018.12.29"]
[Round "4.6"]
[White "Jobava, Baadur"]
[Black "Alekseev, Evgeny"]
[Result "1/2-1/2"]
[WhiteTitle "GM"]
[BlackTitle "GM"]
[WhiteElo "2627"]
[BlackElo "2639"]
[WhiteFideId "13601520"]
[BlackFideId "4138147"]
[EventDate "2018.12.29"]
[EventType "blitz"]

1. d4 Nf6 2. c4 e6 3. Nc3 Bb4 4. e3 O-O 5. Bd3 d5 6. cxd5 exd5 7. Ne2 Re8 8. Bd2
Bf8 9. Rc1 a5 10. O-O Na6 11. Bb1 c6 12. f3 b5 13. Kh1 Bd7 14. Nf4 g6 15. Nd3
Rc8 16. Ne5 Bd6 17. f4 c5 18. Be1 b4 19. Ne2 Bb5 20. Bh4 Be7 21. Bxf6 Bxf6 22.
Bd3 Bxd3 23. Qxd3 c4 24. Qc2 Nb8 25. Qa4 Qb6 26. Ng1 Re7 27. Ngf3 Nc6 28. h4 Nd8
29. Nd7 Qc6 30. Nxf6+ Qxf6 31. Qxa5 Qd6 32. Rfe1 Rcc7 33. a3 bxa3 34. Qxa3 Qxa3
35. bxa3 Nb7 36. Nd2 Nd6 37. Nb1 Ne4 38. Nc3 Nxc3 39. Rxc3 Rb7 40. Re2 Rb1+ 41.
Kh2 f5 42. Kg3 h5 43. Kf2 Ra7 44. Ra2 Ra4 45. Ke2 1/2-1/2

[Event "World Blitz 2018"]
[Site "St Petersburg RUS"]
[Date "2018.12.29"]
[Round "4.14"]
[White "Timofeev, Artyom"]
[Black "Ponkratov, Pavel"]
[Result "1/2-1/2"]
[WhiteTitle "GM"]
[BlackTitle "GM"]
[WhiteElo "2589"]
[BlackElo "2630"]
[WhiteFideId "4140419"]
[BlackFideId "4157800"]
[EventDate "2018.12.29"]
[EventType "blitz"]

1. c4 e5 2. e3 f5 3. Nc3 Nf6 4. g3 c6 5. Bg2 d5 6. cxd5 cxd5 7. Qb3 e4 8. d3 Na6
9. d4 Nc7 10. Nge2 Bd6 11. Nb5 Nxb5 12. Qxb5+ Bd7 13. Qb3 O-O 14. Bd2 a5 15. a4
Bc6 16. Nf4 Qd7 17. h4 Rfb8 18. Bf1 Kh8 19. Bb5 Bxb5 20. Qxb5 Qxb5 21. axb5 Bxf4
22. gxf4 b6 23. Rc1 Rc8 24. Ke2 Kg8 25. Rc6 Rxc6 26. bxc6 Kf7 27. b4 a4 28. b5
Ne8 29. Bb4 Nc7 30. Bc5 bxc5 31. b6 c4 32. Ra1 Ke6 33. bxc7 Rc8 34. Rxa4 Rxc7
35. h5 Rxc6 36. Ra7 Kf6 37. Rd7 Ra6 38. Rxd5 Ra2+ 39. Ke1 c3 40. Rc5 c2 41. Kd2
c1=Q+ 42. Kxc1 Rxf2 43. Rc6+ Kf7 44. Rc7+ Kf6 45. Rc6+ 1/2-1/2